The theory of stochastic processes II

Saved in:
Bibliografiske detaljer
Main Authors: Gihman, I. I (Author), Skorohod, A. V (Author)
Format: Bog
Sprog:engelsk
Udgivet: Berlín Springer-Verlag 1975
Serier:Die Grundlehren der mathematischen Wissenschaften, 218
Fag:
Tags: Tilføj Tag
Ingen Tags, Vær først til at tagge denne postø!

MARC

LEADER 00000nam a2200000 a 4500
001 UCP0027
003 CL-VaPUC
008 990128e19750000GW |||||||||||||||||eng|d
082 0 4 |a 519.2  |b GIH  |2 21 
100 |a Gihman, I. I  |e author  |9 424826 
700 0 |a Skorohod, A. V  |e author  |9 424827 
245 1 4 |a The theory of stochastic processes II 
300 |a 441 p 
942 |c BK 
945 |d 19990128 00:00:00  |a crobeson 
260 |a Berlín  |b Springer-Verlag  |c 1975 
650 0 |a Procesos estocásticos   |9 260364 
650 0 |a Procesos de Markov  |9 270451 
650 7 |a PROCESOS CON INCREMENTO INDEPENDIENTE  |2 CL-VaPUC  |9 424828 
650 7 |a PROCESOS DE SALTO  |2 CL-VaPUC  |9 424829 
650 7 |a FUNCIONES ALEATORIAS  |2 CL-VaPUC  |9 424830 
583 |a last modification  |c 19990128 00:00:00  |k Rodrigo Vera 
490 0 |a Die Grundlehren der mathematischen Wissenschaften, 218 
999 |c 278913  |d 278911 
952 |0 0  |1 0  |4 0  |6 519_200000000000000_GIH_1975  |7 0  |8 A  |9 317728  |a BIBGIM  |b BIBGIM  |d 2019-11-20  |i 1320513  |o 519.2 GIH 1975  |p 1320513  |r 2025-01-15  |w 2019-11-20  |y BK  |k EST